| 000 | 00872cam a22002775a 4500 | ||
|---|---|---|---|
| 001 | 016501598 | ||
| 003 | OSt | ||
| 005 | 20201128021420.0 | ||
| 008 | 130625t2014 enka frb 001 0 eng d | ||
| 020 | _a9781292025803 (pbk.) | ||
| 040 |
_aUK-WkNB _beng _cUK-WkNB _dEG-ScBUE _dEG-ScBUE |
||
| 082 | 0 | 4 |
_a658.1502462 _bPAR _222 |
| 100 | 1 |
_aPark, Chan S. _939170 |
|
| 245 | 1 | 0 |
_aContemporary engineering economics / _cChan S. Park. |
| 250 | _a5th ed., Pearson new international ed. | ||
| 260 |
_aHarlow : _bPearson Education Limited, _cc.2014 |
||
| 300 |
_aii, 860 p. : _bill. ; _c28 cm. |
||
| 490 | 0 | _aPearson custom library | |
| 500 | _aIndex : p. 851-860. | ||
| 504 | _aIncludes bibliographical references. | ||
| 590 | _aSara elBakry | ||
| 650 | 7 |
_aEngineering economy. _2BUEsh _92136 |
|
| 651 | _2BUEsh | ||
| 653 |
_bENGGEN _cJuly2015 _cJanuary2016 |
||
| 942 | _2ddc | ||
| 999 |
_c20277 _d20249 |
||